000
00267nam a2200109Ia 4500
008
190216s9999||||xx |||||||||||||| ||und||
100
_a
Ncert
245
0
_a
Elements Of Book-Keeping And Accounting
260
_b
Himalaya Publishing House
300
_a
517]p
942
_c
BK
999
_c
3886
_d
3886